000 00541nam a2200181Ia 4500
008 131103s9999 xx 000 0 und d
040 _aLoreto College
041 _aEnglish
082 _a840.9/YAR
_bLCLIB/20486
100 _aYarrow, P J
245 2 _aA literary history of France
_cP J Yarrow
260 _aLondon
_bErnest Benn
_c1967
300 _aV.II
_c 23cm.
504 _aIncludes biblographical references & index
650 _aFrench literature - History & criticism - 1600 - 1715
850 _aLCLIB/840.9/YAR
942 _cBK
999 _c24319
_d74798